Logo BPK

Bibliografia Prac Pracowników

Politechniki Koszalińskiej

Gospodarka odpadami komunalnymi w zlewni rzeki / (Rekord nr 5761)

Szczegóły MARC
000 -ETYKIETA REKORDU
podpole kontrolne o stałej długości 01699nam a2200253 i 4500
001 - NUMER KONTROLNY REKORDU
podpole kontrolne BPP
003 - IDENTYFIKATOR NUMERU KONTROLNEGO REKORDU
podpole kontrolne BPK
005 - DATA OSTATNIEJ MODYFIKACJI REKORDU
podpole kontrolne 20160428090033.0
008 - POLE O STAŁEJ DŁUGOŚCI - DANE KONTROLNE
podpole kontrolne o stałej długości 140314s1996 pl f |000 0 pol
040 ## - ŹRÓDŁO KATALOGOWANIA
Instytucja, która utworzyła rekord BPK
080 ## - UNIWERSALNA KLASYFIKACJA DZIESIĘTNA - UKD
UKD 628.4
100 ## - NAZWA OSOBOWA
Nazwa osobowa SZYMAŃSKI, Kazimierz.
Lata pracy 1996 - .
Instytucja Politechnika Koszalińska - Wydział Budownictwa i Inżynierii Środowiska,
Wydział Katedra Podstaw Inżynierii Ochrony Środowiska
245 ## - TYTUŁ/ODPOWIEDZIALNOŚĆ
Tytuł Gospodarka odpadami komunalnymi w zlewni rzeki /
Pozostałe elementy strefy tytułu i oznaczenia odpowiedzialności Kazimierz Szymański, Zofia Ewertowska-Madej, Robert Sidełko.
260 ## - STREFA ADRESU WYDAWNICZEGO
Miejsce wydania Koszalin :
Nazwa wydawcy/dystrybutora Wydaw. Uczelniane Politechniki Koszalińskiej,
Data publikacji, dystrybucji/powstania dokumentu 1996.
300 ## - STREFA OPISU FIZYCZNEGO
Objętość 181 [38] s. :
Inne cechy fizyczne rys.
490 ## - STREFA SERII I DOKUMENTU WIELOCZĘŚCIOWEGO - FORMA NIE DO WYSZUKIWANIA
Tytuł i oznaczenie odpowiedzialności serii Monografia Wydziału Inżynierii Lądowej i Sanitarnej / Wyższa Szkoła Inżynierska w Koszalinie ;
Numeracja w obrębie serii nr 57
500 ## - UWAGI OGÓLNE
Tekst uwagi Dane z autopsji.
520 ## - UWAGA DOTYCZĄCA TREŚCI DOKUMENTU
Analiza dokumentacyjna, adnotacja itp. Tematem pracy jest ocena istniejącej gospodarki odpadami na terenie dorzecza Parsęty oraz podanie propozycji jej przebudowy. Problemy związane z optymalizacją gospodarki odpadami poprzedzono: inwentaryzacją miejsc zanieczyszczonych, oceną wpływu miejsc zanieczyszczonych na środowisko przyrodnicze, badaniem odpadów komunalnych.
650 #0 - HASŁO PRZEDMIOTOWE W FORMIE NAZWY OGÓLNEJ LUB JEDNOSTKOWEJ
Nazwa ogólna lub geograficzna Odpady - gospodarka.
700 ## - HASŁO DODATKOWE - NAZWA OSOBOWA
Nazwa osobowa SIDEŁKO, Robert.
Lata pracy 1996 - .
Instytucja Politechnika Koszalińska - Wydział Budownictwa i Inżynierii Środowiska,
Wydział Katedra Podstaw Inżynierii Ochrony Środowiska
700 ## - HASŁO DODATKOWE - NAZWA OSOBOWA
Nazwa osobowa EWERTOWSKA-MADEJ, Zofia.
Lata pracy 1996 - 2003.
Instytucja Politechnika Koszalińska - Wydział Budownictwa i Inżynierii Środowiska,
Wydział Katedra Podstaw Inżynierii Ochrony Środowiska
830 ## - HASŁO DODATKOWE SERII LUB DOKUMENTU WIELOCZĘŚCIOWEGO - TYTUŁ UJEDNOLICONY
Tytuł ujednolicony Monografia Wydziału Inżynierii Lądowej i Sanitarnej / Wyższa Szkoła Inżynierska w Koszalinie ;
Oznaczenie tomu nr 57
942 ## - HASŁO DODATKOWE - ELEMENTY(KOHA)
Typ dokumentu Książka
Schemat klasyfikacji Uniwersalna klasyfikacja dziesiętna
Egzemplarze
Wycofany Zagubiony Uszkodzony Dostępność Lokalizacja stała Lokalizacja bieżąca Sygnatura Typ dokumentu
      Dostępny Bibliografia Prac Pracowników - BPK Bibliografia Prac Pracowników - BPK 37882 Książka
© 2014 Biblioteka Politechniki Koszalińskiej :: BIBLIOGRAFIA PRAC PRACOWNIKÓW